000 00477nam a22001937a 4500
003 MPLRDC
005 20220104194053.0
008 210129b ||||| |||| 00| 0 eng d
020 _a978-986-6408-80-9
082 _a176.3 YTFZ
100 _a永田丰志
245 _a10倍效圖解學習法
_c桑田德 译
250 _a初版
260 _a台湾
_b原点出版
_c2013
300 _b
490 _aIN CREATIVE
650 _a学习方法
942 _cBK
_o176.3 YTFZ
999 _c65505
_d65495